000 00304nam a2200133Ia 4500
005 20260328101445.0
008 260328s9999||||xx |||||||||||||| ||und||
100 _aAndronikos, Manolis
245 0 _aOlympia /
_cManolis Andronikos
260 _bAthenon
300 _a80 p.
650 _aARTE
942 _cBK
999 _c8440
_d8440